Percy Jackson Characters by description - Statistics

General Stats
  • This quiz has been taken 147 times
  • The average score is 10 of 12
Answer Stats
Initials Hair color/ Eye color Answer % Correct
PJ Black hair/ Green eyes Percy Jackson
100%
AC Blonde hair/ Grey eyes Annabeth chase
99%
JG Blonde air/Blue eyes Jason Grace
93%
TG Black hair/ Blue eyes Thalia Grace
89%
RD Red hair/ Green eyes Rachel Dare
87%
ND Black hair/ Brown eyes Nico Di Angelo
85%
FZ Black hair/ Brown eyes Frank Zhang
83%
LV Black hair/ Brown eyes Leo Valdez
78%
PM Brown hair/ color changing eyes Piper Mclean
78%
HL Brown hair/ Gold eyes Hazel Levesque
71%
LC Blonde hair/ Blue eyes Luke Castellan
68%
R R-A Brown hair/ Brown eyes Reyna Ramirez-Arellano
41%
No matching quizzes found
Score Distribution
Percent of People with Each Score
Percentile by Number Answered
Your Score History
You have not taken this quiz